000 00616nam a2200217 a 4500
001 000020990
003 DO-SdBNP
005 20230110131629.0
007 ta
008 100825s1971 dr a 000 0 spa d
040 _aDO-SdBNP
_bspa
_cBNPHU
049 _aBNPD
082 4 _bM385d
_222
100 1 _aMartínez, Julio César
_91263
245 1 0 _aDuverge :
_bel centauro del sur (visión y revisión) /
_cJulio César Martínez.
260 _aSanto Domingo :
_bRenovación,
_c1971.
300 _a103 p. :
_bil. ;
_c18 cm.
504 _aBibliografía : p. 99
590 _aInventariado, 2023/BT
942 _2ddc
_cLBS1
999 _c20493
_d20493